Deux chapitres de l'histoire des turcs de Roum

Elmentve itt :
Bibliográfiai részletek
Szerző: Wittek Paul
Dokumentumtípus: Cikk
Megjelent: Secrétariat de la Revue Bruxelles 1936
Sorozat:Byzantion
Kulcsszavak:Törökök története
Tárgyszavak:
Online Access:http://misc.bibl.u-szeged.hu/65236
LEADER 00766nab a2200229 i 4500
001 misc65236
005 20240924155320.0
008 230911s1936 hu o 000 fre d
040 |a SZTE Miscellanea Repozitórium  |b hun 
041 |a fre 
100 1 |a Wittek Paul 
245 1 0 |a Deux chapitres de l'histoire des turcs de Roum  |h [elektronikus dokumentum] /  |c  Wittek Paul 
260 |a Secrétariat de la Revue  |b Bruxelles  |c 1936 
300 |a 285-319  |c 24 cm 
300 |a [35] p.  |c 24 cm 
490 0 |a Byzantion 
561 |a Németh Gyula hagyaték 
591 |a NOA 6432 
650 4 |a Bölcsészettudományok 
650 4 |a Történettudomány és régészet 
695 |a Törökök története 
856 4 0 |u http://misc.bibl.u-szeged.hu/65236/1/6432_noa.pdf  |z Dokumentum-elérés